|
|
|
|
| LEADER |
00000nab#a22000007a#4500 |
| 001 |
arbauad042481 |
| 003 |
AR-BaUAD |
| 005 |
20250711113315.0 |
| 008 |
000207|||||||||###||||||b###|0###a|spa|| |
| 040 |
|
|
|a AR-BaUAD
|c AR-BaUAD
|b spa
|
| 100 |
|
|
|a Narbaïts, Xavier
|
| 245 |
|
|
|a De Saint Pétersbourg à Montbéliard, la route des porcelaines /
|c Xavier Narbaïts;
|
| 300 |
0 |
|
|b fot. col.
|
| 653 |
|
|
|a FRANCIA
|
| 653 |
|
|
|a MONTBELIARD
|
| 653 |
|
|
|a EXPOSICIONES
|
| 653 |
|
|
|a PORCELANAS
|
| 653 |
|
|
|a RUSIA
|
| 653 |
|
|
|a SAN PETERSBURGO
|
| 653 |
|
|
|a HISTORIA
|
| 653 |
|
|
|a SIGLO XVIII
|
| 653 |
|
|
|a SIGLO XIX
|
| 773 |
0 |
|
|t L'OEIL
|g no. 463 [jul.-ago. 1994], p. 42-47
|
| 942 |
|
|
|c ARTI
|
| 952 |
|
|
|0 0
|1 0
|4 0
|7 0
|9 87400
|a AR-BAuAD
|b AR-BAuAD
|d 2025-07-11
|l 0
|p AAQA042481
|r 2025-07-11 11:33:15
|w 2025-07-11
|y ARTI
|
| 990 |
|
|
|a A199
|b TD
|
| 998 |
|
|
|a AAQ
|b BIBUN76
|
| 999 |
|
|
|c 67073
|d 67073
|